000 00365nam a2200157Ia 4500
008 230312s9999||||xx |||||||||||||| ||und||
020 _a0-324-20352-7
082 _a332.03
_bMAR-D
100 _aMartz Catharyn
245 0 _aDictionary of Investment Terms
260 _bThomson
_aUK
_c2006
300 _a187
546 _aEng.
650 _aDictionary
942 _cBK
999 _c4631
_d4631